000 00536nam a2200217Ia 4500
003 OSt
005 20220924153546.0
006 a|||||r|||| 00| 0
007 ta
008 220923b |||||||| |||| 00| 0 mar d
024 _a350719
037 _cTextual
040 _aARTS
_cARTS
_bmar
041 _2mar
_amar
082 _aO155, P2
100 _aPitre Rita Au.
_9229188
245 0 _aBahinaeechi gani
_b ek abhyas
260 _c2002
942 _hO155, P2
_cTEXL
_2CC
999 _c474029
_d474029